LEADER 02076nam a2200385 i 4500 001 000000034492 003 CaOOAMICUS 005 20150123000000.0 008 150123s1983 it u000 u ita u 013 $a1048 020 $a88-7030-455-8 040 $aSeMil$bita 100 1 $aCarmagnani, Rossana <1945>.$0(OLS)http://semarc/name/15839 245 10$aFede e politica oggi /$cR. Carmagnani ... [et al.] ; a cura di Rossana Carmagnani e Antonio Palazzo. 260 $aMilano :$bMassimo,$ccopyr. 1983. 300 $a156 p. ;$c20 cm. 490 0 $aProblemi del nostro tempo ;$v55 650 4$aCristianesimo e politica.$0(OLS)http://semarc/subject/5911 700 1 $aPalazzo, Antonio <1937>.$0(OLS)http://semarc/name/15840 774 0 $aCarmagnani, Rossana <1945>$tIntroduzione.$w()300261 774 0 $aPellegrino, Ubaldo <1920- >$tTestimonianza cristiana e vita politica.$w()300262 774 0 $aCarmagnani, Rossana <1945>$tEtica del «segno di contraddizione» nella filosofia politica d nostro tempo.$w()300263 774 0 $aRizzuto, Patrizia$tPolitica della veritą e della solidarietą in Maritain e Gandhi na ; N. 55).$w()300264 774 0 $aGiammanco, Rosario$tPresenza della Chiesa nel sociale.$w()300265 774 0 $aPalazzo, Antonio <1937>$tFede e impegno politico nel Mezzogiorno.$w()300266 774 0 $aPennisi, Michele $tFede, impegno politico e partito di ispirazione cristiana in Luig.$w()300267 774 0 $aVultaggio, Anna Maria$tGiovani tra scelta di fede e impegno politico.$w()300268 774 0 $aChiarelli, Felice$tRinnovamento del partito di ispirazione cristiana.$w()300269 830 0$aProblemi del nostro tempo ;$v55.$0(OLS)http://semarc/title/7322 850 $aSeMil 852 $aSeMil$W1$xVenegono$y1$m3N I 404$j647$B647$CSeMilBibl$Z2$F647 $81 961 $aAcquisto: Centro Vendite Curia 996 $6020$a88-7030-455-8$9(OLS)http://semarc/number/2269 996 $6245$aFede e politica oggi$9(OLS)http://semarc/title/46692 996 $6260$aMilano :$bMassimo$9(OLS)http://semarc/publisher/30297 LEADER 00840nam a2200217 i 4500 001 000000205727 003 CaOOAMICUS 005 20181022155824.0 008 110831n it u000 u ita u 013 $a184465 040 $aSeMil$bita 245 10$aVolume 2. 300 $a483 p., [140] p. di tav. 490 0 $aBiblioteca di filosofia e scienze [Optima] ;$v9 500 $aIn mezzo al front : con 140 tavole fuori testo. - Contiene : Appendici. 773 0 $aPais, Ettore <1856-1939>$tStoria di Roma durante le guerre puniche.$dRoma : Optima, 1927.$w()25394 830 0$aBiblioteca di filosofia e scienze ;$v9.$0(OLS)http://semarc/title/419398 850 $aSeMil 852 $aSeMil$W1$xVenegono$y1$m3V III 32$j156221$B156221$CSeMilBibl$Z2$F167576 $81 996 $6245$aVolume 2$9(OLS)http://semarc/title/11564